Variation de la composition du lait en fonction de la race et de l'alimentation (notice nᵒ 33188)
[ vue normale ]
| 005 - DATE/HEURE DE LA DERNIERE TRANSACTION | |
|---|---|
| control field | 20220718121354.0 |
| 037 ## - SOURCE D'ACQUISITION | |
| Cote | IA 1461 78/A-B-C-D |
| 040 ## - SOURCE DU CATALOGAGE | |
| Origine catalogage | BC-ENSA |
| Langue du catalogage | fre |
| 041 ## - CODE DE LANGUE | |
| Langue | Français |
| Langue du résumé | Français-Anglais-Arabe |
| 080 ## - INDICE DE LA CLASSIFICATION DÉCIMALE UNIVERSELLE | |
| Indice CDU | 631 |
| 084 ## - DOMAINE "AGRIS" | |
| Domaine | Q01 - Sciences des aliments et technologie alimentaire |
| 100 ## - VEDETTE PRINCIPALE - AUTEUR PRINCIPAL | |
| Auteur | MEKHANEG, Benyoucef |
| 245 ## - MENTION DU TITRE | |
| Titre | Variation de la composition du lait en fonction de la race et de l'alimentation |
| Complément de titre | aptitude à la coagulation par une protéase purifiée extraite du proventricule de dinde (Meleagris gallopavo) |
| Mention de responsabilité | Benyoucef Mekhaneg |
| 260 ## - PUBLICATION, DIFFUSION, ETC. (ADRESSE BIBLIOGRAPHIQUE) | |
| Année d'édition | 2020 |
| 300 ## - DESCRIPTION MATÉRIELLE | |
| Nombre de pages | 166 p. |
| Illustration | 36 ill., 27 tabl., 178 réf. |
| Format | 30 cm |
| 541 ## - NOTE SUR LA SOURCE IMMÉDIATE D'ACQUISITION | |
| Méthode d'acquisition | Production Locale |
| 562 ## - NOTE D'IDENTIFICATION DES EXEMPLAIRES ET VERSIONS | |
| Nombre d'exemplaire | 04 exemplaires |
| 700 ## - DIRECTEUR DE THÈSE | |
| NOM et Prenom | BELLAL, M.M. |
| Fonction | Directeur de Thèse |
| 942 ## - ADDED ENTRY ELEMENTS (KOHA) | |
| Type document | Thèse - Mémoire |
| 500 ## - NOTE GÉNÉRALE | |
| Notes | C et D versés en Technologie Alimentaire et Nutrition Humaine |
| 502 ## - NOTE DE THESE | |
| Notes thèse | Th. Doct. : Agron. |
| Niveau | Doctorat |
| Université | ENSA : département de Technologie Alimentaire et Nutrition Humaine |
| Lieu de soutenance | El Harrach |
| 653 ## - DESCRIPTEUR LIBRE | |
| Mots clés libres | LAIT/EXTRAIT ENZYMATIQUE/POVENTRICULE/DINDE/PHYSICOCHIMIQUES/ANIMAUX/MELEAGRIS GALLOPAVO/ALIMENTATION/EXPÉRIMENTATION/ALGÉRIE |
| statut de retrait | Statut | Emplacement permanent | Localisation actuelle | Emplacement rayonnages | Cote | Code à barre | Koha item type |
|---|---|---|---|---|---|---|---|
| Bibliothèque Centrale | Bibliothèque Centrale | Magasin 1 haut | IA 1461 78/A | IA 1461 78/A | Thèse - Mémoire | ||
| Bibliothèque Centrale | Bibliothèque Centrale | Magasin 1 haut | IA 1461 78/B | IA 1461 78/B | Thèse - Mémoire | ||
| Département de Technologie Alimentaire | Département de Technologie Alimentaire | Bibliothèque de Technologie alimentaire | TA_ TH 6315/A | TA_ TH 6315/A | Thèse - Mémoire | ||
| Département de Technologie Alimentaire | Département de Technologie Alimentaire | Bibliothèque de Technologie alimentaire | TA_ TH 6315/B | TA_ TH 6315/B | Thèse - Mémoire |